书目信息 |
| 题名: |
精油香水
|
|
| 作者: | 张莉娜 著 ;周祯和 摄影 | |
| 分册: | ||
| 出版信息: | 北京 中国轻工业出版社 2020.12 |
|
| 页数: | 336页 | |
| 开本: | 23cm | |
| 丛书名: | ||
| 单 册: | ||
| 中图分类: | TQ654 | |
| 科图分类: | ||
| 主题词: | 香精油--基本知识 | |
| 电子资源: | ||
| ISBN: | 978-7-5184-3167-0 | |
| 000 | 00861nam0 2200253 45 | |
| 001 | 012001000685 | |
| 005 | 20130911170142.0 | |
| 010 | @a978-7-5184-3167-0@dCNY98.00 | |
| 100 | @a20210224d2020 em y0chiy50 ea | |
| 101 | 0 | @achi |
| 102 | @aCN@b110000 | |
| 105 | @aa z 000yy | |
| 106 | @ar | |
| 200 | 1 | @a精油香水@Ajing you xiang shui@b专著@e一玩就上瘾的精油调香小百科@f张莉娜著@g周祯和摄影 |
| 210 | @a北京@c中国轻工业出版社@d2020.12 | |
| 215 | @a336页@c彩图@d23cm | |
| 305 | @a经日日幸福事业有限公司授予出版 | |
| 330 | @a本书作者以多年丰富的经验与对精油的充分认识,告诉读者10大经典的调香法则,并透露香水业界的独家秘密,让读者充分掌握香气与香味。 | |
| 606 | 0 | @a香精油@x基本知识 |
| 690 | @aTQ654@v5 | |
| 701 | 0 | @a张莉娜@Azhang li na@4著 |
| 702 | 0 | @a周祯和@Azhou zhen he@4摄影 |
| 801 | 0 | @aCN@bBJSDL@c20211011 |
| 905 | @b1335690-2@dTQ654@e95@f3 | |
| 精油香水:一玩就上瘾的精油调香小百科/张莉娜著/周祯和摄影.-北京:中国轻工业出版社,2020.12 |
| 336页:彩图;23cm |
| ISBN 978-7-5184-3167-0:CNY98.00 |
| 本书作者以多年丰富的经验与对精油的充分认识,告诉读者10大经典的调香法则,并透露香水业界的独家秘密,让读者充分掌握香气与香味。 |
| ● |
| 相关链接 |
|
|
|
|
正题名:精油香水
索取号:TQ654/95
 
预约/预借
| 序号 | 登录号 | 条形码 | 馆藏地/架位号 | 状态 | 备注 |
| 1 | 1335690 | 213356900 | 第二样本阅览室/ [索取号:TQ654/95] | 在馆 | |
| 2 | 1335691 | 213356919 | 第三借阅区/ [索取号:TQ654/95] | 在馆 | |
| 3 | 1335692 | 213356928 | 第三借阅区/ [索取号:TQ654/95] | 在馆 |